[Event " NK Senioren en Veteranen 2023"]
[Site "Dieren, Netherlands"]
[Date "2023.07.17"]
[Round "3"]
[White "Houweling, Bert"]
[Black "Van den Dikkenberg, Erik"]
[Result "1/2-1/2"]
[WhiteElo "1976"]
[BlackElo "2070"]
[PlyCount "168"]
[EventDate "2023.??.??"]

1. e4 e6 2. d4 d5 3. Nd2 c5 4. Ngf3 cxd4 5. exd5 Qxd5 6. Bc4 Qd6 7. O-O Nc6 8.
Nb3 Nf6 9. Nbxd4 Nxd4 10. Nxd4 Bd7 11. c3 O-O-O 12. Qf3 Qc5 13. Bb3 e5 14. Nc2
Qc7 15. Bg5 Be7 16. h3 Kb8 17. Ne3 Bc6 18. Qe2 Bc5 19. Rad1 Rxd1 20. Rxd1 Ne4
21. Bh4 g5 22. Nd5 Bxd5 23. Bxd5 Nxc3 24. bxc3 gxh4 25. Rb1 b6 26. a4 Rd8 27.
c4 a5 28. Qh5 f5 29. Qxh4 e4 30. Qg5 Rf8 31. Re1 Qd7 32. Qh6 Re8 33. Bc6 Qe6
34. Qf4+ Qe5 35. Qxe5+ Rxe5 36. g3 Kc7 37. Bb5 Re6 38. Rd1 Bd6 39. Kg2 Rg6 40.
Rd5 f4 41. g4 f3+ 42. Kf1 Rh6 43. Rh5 Rxh5 44. gxh5 Bf4 45. Be8 Kd6 46. Bb5 Ke5
47. Bc6 Kd4 48. Bb5 Bd2 49. Ba6 Bb4 50. Bb5 Ke5 51. Bc6 Kf4 52. Bd5 Bc5 53. h6
Bf8 54. Bg8 Bxh6 55. Bxh7 Ke5 56. Bg8 Kd4 57. Be6 Bg5 58. Bd7 Kxc4 59. Be8 Bh4
60. Bc6 Kd3 61. Bb5+ Kd2 62. Bc6 Kd3 63. Bb5+ Kd4 64. Bc6 Bd8 65. Bb5 Kc5 66.
Be8 Bg5 67. Bd7 Kc4 68. Bb5+ Kd4 69. Be8 Bh4 70. Bd7 Kd3 71. Bb5+ Kd2 72. Bc6
Bxf2 73. Bxe4 Ke3 74. Bc6 Bg3 75. Bb5 Kf4 76. Bc6 Bh4 77. Bb5 Kg3 78. Bc6 Be7
79. Bb5 Kxh3 80. Bc6 Kg3 81. Bb5 Bc5 82. Be8 Kf4 83. Bb5 Ke3 84. Be8 Kd3
1/2-1/2

[Event " NK Senioren en Veteranen 2023"]
[Site "Dieren, Netherlands"]
[Date "2023.07.17"]
[Round "3"]
[White "Ochtman, Henk"]
[Black "Wijnhoven, Theo"]
[Result "1/2-1/2"]
[WhiteElo "1976"]
[BlackElo "2046"]
[PlyCount "118"]
[EventDate "2023.??.??"]

1. Nf3 Nf6 2. g3 d5 3. c4 e6 4. Bg2 Be7 5. O-O O-O 6. Qc2 Nbd7 7. d3 c6 8. e4
dxe4 9. dxe4 e5 10. a3 a5 11. Nc3 Qc7 12. Rb1 Nb6 13. c5 Bxc5 14. b4 axb4 15.
axb4 Bd6 16. Nh4 Qe7 17. b5 c5 18. Nf5 Bxf5 19. exf5 h6 20. h3 Rfe8 21. Rd1
Rad8 22. Ne4 Nxe4 23. Qxe4 Bb8 24. Ba3 Qc7 25. f6 Nd7 26. fxg7 Nf6 27. Qxb7
Rxd1+ 28. Rxd1 Qxb7 29. Bxb7 Ba7 30. b6 Bxb6 31. Rd6 Re6 32. Rxe6 fxe6 33. Bc8
Kxg7 34. Bxe6 Ne4 35. Kg2 Kf6 36. Ba2 Nc3 37. Bc4 Ne4 38. Bc1 Nd6 39. Be2 Kg6
40. Kf3 c4 41. Ba3 Nb5 42. Bb2 c3 43. Bd3+ Kg7 44. Ba1 Bd4 45. Ke4 c2 46. Bxd4
c1=Q 47. Bxe5+ Kf7 48. Bxb5 Qe1+ 49. Kd5 Qa5 50. Kc6 Ke6 51. f4 Qa8+ 52. Kc5
Qa3+ 53. Kd4 Qb2+ 54. Kc4 Qe2+ 55. Kc5 Qe3+ 56. Kc6 Qxg3 57. Bc4+ Kf5 58. Kd7
Ke4 59. Be6 Qd3+ 1/2-1/2

[Event " NK Senioren en Veteranen 2023"]
[Site "Dieren, Netherlands"]
[Date "2023.07.17"]
[Round "3"]
[White "Jonkman, Fokke"]
[Black "Van Dijk, Bram"]
[Result "1/2-1/2"]
[WhiteElo "2005"]
[BlackElo "1914"]
[PlyCount "34"]
[EventDate "2023.??.??"]

1. c4 e5 2. Nc3 Nc6 3. Nf3 Bc5 4. e3 d6 5. d4 Bb4 6. d5 Bxc3+ 7. bxc3 Nce7 8.
e4 b6 9. Bd3 Nf6 10. O-O O-O 11. Nh4 Nd7 12. g3 Nc5 13. Bc2 Bh3 14. Re1 Qd7 15.
Be3 f5 16. Bxc5 bxc5 17. f3 Rab8 1/2-1/2

[Event " NK Senioren en Veteranen 2023"]
[Site "Dieren, Netherlands"]
[Date "2023.07.17"]
[Round "3"]
[White "Etmans, Maarten"]
[Black "Perrenet, Jacob"]
[Result "1/2-1/2"]
[WhiteElo "1946"]
[BlackElo "1975"]
[PlyCount "85"]
[EventDate "2023.??.??"]

1. d4 h6 2. e4 g5 3. Be2 Bg7 4. h4 c5 5. d5 d6 6. hxg5 hxg5 7. Rxh8 Bxh8 8. Nc3
Qb6 9. Bg4 Nd7 10. Nh3 Bf6 11. Nxg5 Nh6 12. Bh3 Ne5 13. Bxc8 Rxc8 14. Nf3 Nhg4
15. Nxe5 Nxe5 16. Qe2 c4 17. Kf1 Kd7 18. Rb1 Rh8 19. Kg1 Rh4 20. g3 Rh7 21. Kg2
Qd8 22. Be3 Qh8 23. Rg1 Rh2+ 24. Kf1 Qh3+ 25. Ke1 Rg2 26. Rxg2 Qxg2 27. Kd2 Qh1
28. Qd1 Qh7 29. Kc1 a6 30. a4 b5 31. axb5 axb5 32. Bd4 b4 33. Bxe5 Bxe5 34.
Qg4+ e6 35. dxe6+ fxe6 36. Nd1 Qh1 37. Qe2 c3 38. b3 Ke7 39. Qe3 d5 40. exd5
Qxd5 41. Qd3 Qh1 42. Qc4 Qb7 43. Qc5+ 1/2-1/2

[Event " NK Senioren en Veteranen 2023"]
[Site "Dieren, Netherlands"]
[Date "2023.07.17"]
[Round "3"]
[White "Helmond, Frans"]
[Black "Van Wageningen, Arie"]
[Result "0-1"]
[WhiteElo "1937"]
[BlackElo "1988"]
[PlyCount "110"]
[EventDate "2023.??.??"]

1. e4 e6 2. d4 d5 3. Bd3 Nf6 4. e5 Nfd7 5. Ne2 c5 6. c3 Nc6 7. a3 a5 8. O-O Be7
9. f4 f5 10. exf6 Nxf6 11. Ng3 O-O 12. Be3 cxd4 13. cxd4 Bd7 14. Nc3 g6 15. h4
Qe8 16. h5 gxh5 17. f5 Ng4 18. Qe2 Bf6 19. Nb5 exf5 20. Rf3 Nxe3 21. Rxe3 Qg6
22. Nxh5 Nxd4 23. Nxf6+ Qxf6 24. Rg3+ Kh8 25. Nxd4 Qxd4+ 26. Kh1 Rae8 27. Qc2
Rc8 28. Qe2 Qf6 29. Rf1 Rf7 30. Qh5 Rg8 31. Rh3 Qg6 32. Qf3 d4 33. Bc4 Bc6 34.
Bd5 Rfg7 35. Rh2 Rf8 36. Bxc6 Qxc6 37. Qxc6 bxc6 38. Rh4 Rd7 39. Rd1 c5 40. b4
axb4 41. axb4 cxb4 42. Rhxd4 Rxd4 43. Rxd4 Rb8 44. Rd2 b3 45. Rb2 Kg7 46. Kg1
Kf6 47. Kf2 Ke5 48. Ke3 h5 49. g3 Rb4 50. Kd3 Rg4 51. Re2+ Kd5 52. Re3 Rb4 53.
Re1 b2 54. Rb1 Rb3+ 55. Kc2 Kc4 0-1

[Event " NK Senioren en Veteranen 2023"]
[Site "Dieren, Netherlands"]
[Date "2023.07.18"]
[Round "4"]
[White "Wilgenhof, Otto"]
[Black "Bottema, Tom"]
[Result "1-0"]
[WhiteElo "2080"]
[BlackElo "2197"]
[PlyCount "177"]
[EventDate "2023.??.??"]

1. d4 d5 2. Nf3 Nf6 3. c4 e6 4. cxd5 exd5 5. Nc3 Be7 6. Bg5 O-O 7. e3 h6 8. Bh4
b6 9. Qb3 Bb7 10. a4 a5 11. Ne5 Nc6 12. Nxc6 Bxc6 13. Be2 Bb7 14. O-O Qd7 15.
Rac1 c5 16. dxc5 bxc5 17. Rfd1 Bc6 18. Bxf6 Bxf6 19. Nxd5 Bxa4 20. Nxf6+ gxf6
21. Rxd7 Bxb3 22. Rxc5 Rfc8 23. Rdc7 Rxc7 24. Rxc7 Rd8 25. Rc3 a4 26. Bd3 Rb8
27. Kf1 Ba2 28. Bc2 Rxb2 29. Bxa4 Rb4 30. Bc6 Bc4+ 31. Ke1 Rb1+ 32. Kd2 Ba6 33.
Rc1 Rb2+ 34. Rc2 Rb1 35. Be4 Rh1 36. h3 Rf1 37. Kc3 Kg7 38. Bf3 Bc8 39. Kd4 Be6
40. e4 Rb1 41. Ke3 Rb3+ 42. Kf4 Rb5 43. Be2 Ra5 44. g4 Ra3 45. f3 Ra5 46. Rb2
Rc5 47. Ba6 Ra5 48. Bb7 Kg6 49. Rb6 Rc5 50. Rd6 Rc4 51. Rd8 Kg7 52. h4 Rb4 53.
Ba8 Ra4 54. h5 Bc4 55. Bc6 Ra3 56. Rd2 Rd3 57. Rxd3 Bxd3 58. Ke3 Ba6 59. Bd7
Bf1 60. Kd4 Be2 61. f4 Bf3 62. Bf5 Bg2 63. Kd5 Bf3 64. Kd6 Kf8 65. e5 fxe5 66.
fxe5 Bd1 67. Kd5 Kg7 68. Ke4 Be2 69. Kf4 Bd1 70. Be4 Be2 71. Bf3 Bc4 72. g5 Bd3
73. Bd5 hxg5+ 74. Kxg5 Bc2 75. h6+ Kh7 76. Bxf7 Ba4 77. Bg6+ Kh8 78. e6 Bb3 79.
e7 Ba4 80. Kf6 Kg8 81. h7+ Kh8 82. Kf7 Bb5 83. Kf8 Ba4 84. Be8 Bd1 85. Bc6 Bh5
86. Bf3 Bg6 87. Be2 Kxh7 88. Bd3 Kh8 89. Bc4 1-0

[Event " NK Senioren en Veteranen 2023"]
[Site "Dieren, Netherlands"]
[Date "2023.07.18"]
[Round "4"]
[White "Vogel, Jaap"]
[Black "Van Dorp, Folke"]
[Result "1/2-1/2"]
[WhiteElo "2080"]
[BlackElo "2142"]
[PlyCount "38"]
[EventDate "2023.??.??"]

1. d4 Nf6 2. Nf3 e6 3. c4 Bb4+ 4. Bd2 a5 5. g3 O-O 6. Bg2 d5 7. Qc2 c5 8. dxc5
d4 9. O-O Nc6 10. Bxb4 axb4 11. Nbd2 Qe7 12. Rfe1 Rd8 13. Nb3 e5 14. Ng5 h6 15.
Ne4 Ne8 16. Ned2 Be6 17. Qd3 f5 18. e4 f4 19. gxf4 exf4 1/2-1/2

[Event " NK Senioren en Veteranen 2023"]
[Site "Dieren, Netherlands"]
[Date "2023.07.18"]
[Round "4"]
[White "Van Rijn, Anton"]
[WhiteElo "2243"]
[Black "Hoogland, Dirk"]
[BlackElo "2152"]
[PlyCount "48"]
[Result "1/2-1/2"]

1. d4 d6 2. g3 Nd7 3. Bg2 g6 4. Nf3 Bg7 5. c4 c5 6. O-O Ngf6 7. Nc3 O-O 8. h3
Rb8 9. b3 cxd4 10. Nxd4 Nc5 11. Bb2 a6 12. Qd2 Bd7 13. Rfd1 Re8 14. Rac1 h6 15.
Kh2 e5 16. Nc2 Bf8 17. Nb4 Bf5 18. Nbd5 Nxd5 19. Nxd5 Be6 20. Bc3 Bxd5 21. Bxd5
Ne6 22. e3 Ng5 23. f4 exf4 24. exf4 Ne4 1/2-1/2

[Event " NK Senioren en Veteranen 2023"]
[Site "Dieren, Netherlands"]
[Date "2023.07.18"]
[Round "4"]
[White "Van den Dikkenberg, Erik"]
[Black "Lootsma, Jan"]
[Result "1-0"]
[WhiteElo "2070"]
[BlackElo "1979"]
[PlyCount "113"]
[EventDate "2023.??.??"]

1. e4 e6 2. d4 d5 3. Nd2 Ne7 4. Bd3 g6 5. c3 Bg7 6. e5 c5 7. Ne2 Nbc6 8. O-O
O-O 9. Nf3 cxd4 10. cxd4 f6 11. exf6 Bxf6 12. Bh6 Bg7 13. Bxg7 Kxg7 14. Qd2 Nf5
15. Bxf5 Rxf5 16. Rfe1 Bd7 17. Ng3 Rf8 18. Rac1 Qf6 19. Rc3 Rac8 20. Rce3 Rce8
21. h4 h6 22. a3 a6 23. R1e2 Qf4 24. h5 g5 25. Qd3 Qf6 26. Ne5 Nxe5 27. dxe5
Qe7 28. Qg6+ Kh8 29. Qxh6+ Kg8 30. Rd2 Qg7 31. Qxg7+ Kxg7 32. Ne2 Kh6 33. g4
Rc8 34. Kg2 Rc4 35. f3 Rfc8 36. Rc3 Rxc3 37. Nxc3 Rc4 38. Ne2 Kg7 39. Nd4 Kf7
40. Kg3 Kg7 41. b3 Rc3 42. Rc2 Rxc2 43. Nxc2 Be8 44. Nd4 Bf7 45. a4 Kf8 46. a5
Kg7 47. Kf2 Kf8 48. Ke3 Ke7 49. Kd2 Bg8 50. Kc3 Kd7 51. Kb4 Kd8 52. Kc5 Kc7 53.
Nc2 Bh7 54. Nd4 Bg8 55. h6 Kd7 56. Kb6 Kc8 57. Nxe6 1-0

[Event " NK Senioren en Veteranen 2023"]
[Site "Dieren, Netherlands"]
[Date "2023.07.18"]
[Round "4"]
[White "Boersma, Jan"]
[Black "Houweling, Bert"]
[Result "1-0"]
[WhiteElo "2055"]
[BlackElo "1976"]
[PlyCount "41"]
[EventDate "2023.??.??"]

1. e4 c5 2. Nc3 Nc6 3. Bb5 g6 4. Bxc6 dxc6 5. d3 Bg7 6. f4 e5 7. Nf3 Bg4 8. O-O
Ne7 9. Qe1 exf4 10. Bxf4 O-O 11. Qh4 Bxf3 12. Rxf3 c4 13. Raf1 f6 14. Rh3 Qb6+
15. Be3 Qd8 16. Qxh7+ Kf7 17. e5 Nf5 18. e6+ Kxe6 19. Qxg6 Qa5 20. Rh5 Ne7 21.
Qe4+ 1-0

[Event " NK Senioren en Veteranen 2023"]
[Site "Dieren, Netherlands"]
[Date "2023.07.18"]
[Round "4"]
[White "Wijnhoven, Theo"]
[Black "Ellenbroek, Ton"]
[Result "1-0"]
[WhiteElo "2046"]
[BlackElo "1965"]
[PlyCount "93"]
[EventDate "2023.??.??"]

1. e4 c5 2. Nf3 g6 3. d4 cxd4 4. Nxd4 Bg7 5. Nc3 Nc6 6. Be3 Nf6 7. Be2 O-O 8.
O-O d5 9. Nxd5 Nxd5 10. exd5 Qxd5 11. Bf3 Qd7 12. Nxc6 bxc6 13. c3 Rb8 14. Qxd7
Bxd7 15. Rfd1 Be6 16. Rd2 Rfc8 17. Bxa7 Ra8 18. Bc5 Bxa2 19. Bxe7 Bh6 20. Rdd1
Bb3 21. Rxa8 Rxa8 22. Rd8+ Rxd8 23. Bxd8 c5 24. Be7 c4 25. Kf1 Bc1 26. Ba3 Kg7
27. Ke1 Kf6 28. Bd1 Ba2 29. Bc2 Ke5 30. Kd1 Bh6 31. Bc5 f5 32. Bd4+ Kd5 33. Ba4
Bf8 34. Kc2 Bd6 35. h3 g5 36. b4 cxb3+ 37. Bxb3+ Bxb3+ 38. Kxb3 g4 39. f3 gxh3
40. gxh3 f4 41. Bf2 Ke5 42. Kc4 Ba3 43. Bd4+ Kf5 44. Kd3 Be7 45. c4 Bd6 46. c5
Bc7 47. Kc4 1-0

[Event " NK Senioren en Veteranen 2023"]
[Site "Dieren, Netherlands"]
[Date "2023.07.18"]
[Round "4"]
[White "Van Dijk, Bram"]
[Black "Ochtman, Henk"]
[Result "0-1"]
[WhiteElo "1914"]
[BlackElo "1976"]
[PlyCount "104"]
[EventDate "2023.??.??"]

1. Nf3 d5 2. g3 h5 3. Bg2 Bg4 4. d4 Nc6 5. h3 Bf5 6. c4 e6 7. Nc3 Bb4 8. Qa4
Qd7 9. O-O Nf6 10. cxd5 exd5 11. Ne5 Nxe5 12. dxe5 Qxa4 13. Nxa4 Ne4 14. a3 Be7
15. Rd1 c6 16. Be3 b5 17. Nc3 Nxc3 18. bxc3 a5 19. Rdc1 O-O 20. Kh2 Rfe8 21.
Bf3 Bf8 22. a4 Be4 23. Bxe4 dxe4 24. c4 b4 25. Bd4 Rad8 26. Bb6 Rd2 27. Rd1
Rxe2 28. Kg1 Rc2 29. Rd4 Rxe5 30. Rd8 b3 31. Rb1 b2 32. Be3 f6 33. Kg2 Kf7 34.
Bd4 e3 35. Bxe5 Rxf2+ 36. Kg1 fxe5 37. Rdd1 Bc5 38. Rf1 Ke6 39. Rxf2 exf2+ 40.
Kf1 Bd4 41. Ke2 Kd6 42. Kd3 Kc5 43. g4 hxg4 44. hxg4 g5 45. Rh1 Kb4 46. Kc2
Kxa4 47. Kb1 Kb3 48. Rh3+ Bc3 49. Rf3 a4 50. Rxf2 a3 51. Rxb2+ Bxb2 52. c5 a2#
0-1

[Event " NK Senioren en Veteranen 2023"]
[Site "Dieren, Netherlands"]
[Date "2023.07.18"]
[Round "4"]
[White "Perrenet, Jacob"]
[Black "Bloemhard, Rudy"]
[Result "1/2-1/2"]
[WhiteElo "1975"]
[BlackElo "2020"]
[PlyCount "126"]
[EventDate "2023.??.??"]

1. Nc3 g6 2. b4 Bg7 3. Bb2 d5 4. e3 e5 5. Nge2 a5 6. a3 Nf6 7. Ng3 O-O 8. Be2
Qd6 9. O-O h5 10. f4 h4 11. Nb5 Qe7 12. fxe5 Ne8 13. Nh1 Nc6 14. Nf2 Nxe5 15.
Nd4 axb4 16. axb4 Rxa1 17. Qxa1 Qxb4 18. Bc3 Qe7 19. Nd3 Nxd3 20. Bxd3 c5 21.
Nf3 Bxc3 22. Qxc3 Ng7 23. Ne5 Bf5 24. Bxf5 Nxf5 25. Ng4 f6 26. Qb3 c4 27. Qb5
Rd8 28. e4 dxe4 29. Qxc4+ Kg7 30. Ne3 Nxe3 31. dxe3 f5 32. Rb1 Rd7 33. Qc3+ Kh7
34. Qc8 Kh6 35. Qh8+ Kg5 36. g3 hxg3 37. hxg3 Kg4 38. Rf1 Qh7 39. Qe5 g5 40.
Qa5 Kxg3 41. Qe1+ Kg4 42. Qe2+ Kh4 43. Kg2 g4 44. Rh1+ Kg5 45. Rxh7 Rxh7 46.
Qf2 Rd7 47. Kg3 Rd1 48. Qh2 Re1 49. Qh4+ Kg6 50. Kf4 Rf1+ 51. Ke5 Rf3 52. Qf6+
Kh5 53. Qh8+ Kg5 54. Qg7+ Kh4 55. Qh6+ Kg3 56. Kd4 Kg2 57. c4 g3 58. Qb6 Kg1
59. Qxb7 g2 60. c5 Kf2 61. Qb2+ Kg3 62. Qb8+ Kf2 63. Qb2+ Kg3 1/2-1/2

[Event " NK Senioren en Veteranen 2023"]
[Site "Dieren, Netherlands"]
[Date "2023.07.18"]
[Round "4"]
[White "Van Wageningen, Arie"]
[Black "Jonkman, Fokke"]
[Result "1-0"]
[WhiteElo "1988"]
[BlackElo "2005"]
[PlyCount "111"]
[EventDate "2023.??.??"]

1. Nf3 c5 2. c4 g6 3. d4 cxd4 4. Nxd4 Bg7 5. Nc3 Nc6 6. Nc2 Nf6 7. e4 d6 8. Be2
O-O 9. O-O Be6 10. Be3 Rc8 11. f3 a6 12. Rc1 Nd7 13. Qd2 Na5 14. b3 b5 15. Nd4
bxc4 16. Nxe6 fxe6 17. Na4 cxb3 18. Bxa6 Ra8 19. Bb5 Ne5 20. f4 Nec6 21. Rb1
bxa2 22. Qxa2 Nd4 23. Rb4 Nac6 24. Bxc6 Nxc6 25. Qxe6+ Kh8 26. Rc4 Ra6 27. Rfc1
Qa8 28. Nb6 Rxb6 29. Bxb6 Qa2 30. f5 Ne5 31. Rc8 Qxe6 32. Rxf8+ Bxf8 33. fxe6
Bh6 34. Rf1 Bg5 35. g3 Kg7 36. Bd4 Bf6 37. Kg2 g5 38. Rf5 Kg6 39. h3 h5 40. Kf1
Kg7 41. Ke2 Kg6 42. Kd1 Nc4 43. Bf2 Ne5 44. Kc2 Bg7 45. Bd4 Bf6 46. Bxe5 dxe5
47. Kc3 Kg7 48. Kc4 Kg8 49. Kd5 Kg7 50. Kc6 Kg6 51. Kd7 Kg7 52. Ke8 Kg6 53. Rf1
Kg7 54. Rd1 g4 55. h4 Kg8 56. Rd7 1-0

[Event " NK Senioren en Veteranen 2023"]
[Site "Dieren, Netherlands"]
[Date "2023.07.18"]
[Round "4"]
[White "Helmond, Frans"]
[Black "Etmans, Maarten"]
[Result "1/2-1/2"]
[WhiteElo "1937"]
[BlackElo "1946"]
[PlyCount "41"]
[EventDate "2023.??.??"]

1. e4 g6 2. d4 c6 3. Nc3 d5 4. Be3 dxe4 5. Nxe4 Nd7 6. c4 Ngf6 7. Nc3 Bg7 8.
Be2 O-O 9. h3 e5 10. Nf3 exd4 11. Nxd4 Qe7 12. O-O Nc5 13. Bf3 Nfe4 14. Nxe4
Nxe4 15. Qc2 Ng5 16. Qe2 Qf6 17. Bg4 h5 18. Bxc8 Rfxc8 19. Rad1 Re8 20. Rfe1
Ne6 21. Nxe6 1/2-1/2

[Event " NK Senioren en Veteranen 2023"]
[Site "Dieren, Netherlands"]
[Date "2023.07.19"]
[Round "5"]
[White "Bottema, Tom"]
[WhiteElo "2197"]
[Black "Van den Dikkenberg, Erik"]
[BlackElo "2070"]
[Result "0-1"]

1. f4 d5 2. g3 h5 3. Nh3 h4 4. Nf2 Nf6 5. Bg2 hxg3 6. hxg3 Rxh1+ 7. Nxh1 Bf5 8.
d3 e6 9. Be3 c6 10. Bg1 Nbd7 11. Nf2 Qb6 12. Qc1 Bc5 13. Nc3 Be3 14. Qb1 e5 15.
Ncd1 exf4 16. gxf4 Bxf4 17. Nh3 Bg3+ 18. Kd2 Qb4+ 19. c3 Qh4 20. Nhf2 Qg5+ 21.
Ne3 Bf4 0-1

[Event " NK Senioren en Veteranen 2023"]
[Site "Dieren, Netherlands"]
[Date "2023.07.19"]
[Round "5"]
[White "Hoogland, Dirk"]
[Black "Wijnhoven, Theo"]
[Result "0-1"]
[WhiteElo "2152"]
[BlackElo "2046"]
[PlyCount "88"]
[EventDate "2023.??.??"]

1. c4 e5 2. Nc3 Nc6 3. g3 g6 4. Bg2 Bg7 5. Nf3 Nge7 6. d3 d6 7. O-O O-O 8. Bd2
Bg4 9. Rc1 Qd7 10. Re1 Rad8 11. a3 a5 12. Nd5 b6 13. Ng5 Bf5 14. Ne4 Bxe4 15.
dxe4 Nd4 16. e3 Ne6 17. h4 Nc5 18. b4 axb4 19. axb4 Nd3 20. Bc3 Nxc1 21. Qxc1
Nxd5 22. exd5 Ra8 23. b5 f5 24. Bh3 e4 25. Bd4 Bxd4 26. exd4 Qg7 27. Rd1 Qe7
28. Qf4 Ra3 29. Bg2 Rd3 30. Rd2 Rxd2 31. Qxd2 f4 32. gxf4 Qxh4 33. Bxe4 Qxf4
34. Qe1 Kg7 35. Qe2 Re8 36. f3 Qg3+ 37. Kf1 g5 38. Qd2 Qf4 39. Qxf4 gxf4 40.
Kg2 Kh6 41. Kf2 Re7 42. c5 Kg5 43. Kg2 h5 44. Kh3 Re8 0-1

[Event " NK Senioren en Veteranen 2023"]
[Site "Dieren, Netherlands"]
[Date "2023.07.19"]
[Round "5"]
[White "Boersma, Jan"]
[Black "Van Wageningen, Arie"]
[Result "1/2-1/2"]
[WhiteElo "2055"]
[BlackElo "1988"]
[PlyCount "55"]
[EventDate "2023.??.??"]

1. e4 d6 2. Nc3 Nf6 3. d4 g6 4. Be3 Bg7 5. Qd2 a6 6. Bh6 O-O 7. Bxg7 Kxg7 8.
O-O-O b5 9. e5 dxe5 10. dxe5 Qxd2+ 11. Rxd2 Ne8 12. Be2 Bb7 13. Bf3 Bxf3 14.
Nxf3 Nc6 15. Rhd1 f6 16. exf6+ Nxf6 17. Ng5 Rfc8 18. Re1 h6 19. Ne6+ Kf7 20.
Rde2 Ra7 21. h3 g5 22. g4 Re8 23. a3 Nb8 24. b4 c6 25. Nc5 a5 26. bxa5 Rxa5 27.
N3e4 Rxa3 28. Kb2 1/2-1/2

[Event " NK Senioren en Veteranen 2023"]
[Site "Dieren, Netherlands"]
[Date "2023.07.19"]
[Round "5"]
[White "Bloemhard, Rudy"]
[Black "Houweling, Bert"]
[Result "0-1"]
[WhiteElo "2020"]
[BlackElo "1976"]
[PlyCount "32"]
[EventDate "2023.??.??"]

1. d4 Nf6 2. Nf3 c5 3. d5 e6 4. Nc3 exd5 5. Nxd5 Nxd5 6. Qxd5 Be7 7. e4 O-O 8.
Bd3 Nc6 9. c3 d6 10. h4 Be6 11. Qh5 Ne5 12. Ng5 Nxd3+ 13. Kd2 h6 14. Nxe6 fxe6
15. Kxd3 Rxf2 16. Qg4 c4+ 0-1

[Event " NK Senioren en Veteranen 2023"]
[Site "Dieren, Netherlands"]
[Date "2023.07.19"]
[Round "5"]
[White "Lootsma, Jan"]
[Black "Perrenet, Jacob"]
[Result "1-0"]
[WhiteElo "1979"]
[BlackElo "1975"]
[PlyCount "87"]
[EventDate "2023.??.??"]

1. e4 b6 2. d4 Bb7 3. Bd3 f5 4. Nc3 e6 5. Nf3 fxe4 6. Nxe4 Nc6 7. c3 Qe7 8. O-O
O-O-O 9. b4 Nf6 10. Re1 h6 11. a4 a5 12. bxa5 Nxa5 13. Ba3 Qe8 14. Bb4 Qh5 15.
Bxa5 Qxa5 16. Ne5 Re8 17. Qe2 Be7 18. Reb1 Nd5 19. Qc2 Nf4 20. Rb5 Qa8 21. f3
d6 22. g3 Rhf8 23. gxf4 dxe5 24. a5 Kd7 25. Qb1 Qc8 26. axb6 c6 27. Rxe5 Rxf4
28. Bc4 Bf8 29. Qb3 Kd8 30. Bxe6 Qb8 31. Kg2 g5 32. Re1 g4 33. Nc5 gxf3+ 34.
Kf1 Bd6 35. Bf7 Bxe5 36. Bxe8 Qc8 37. Bd7 Ba6+ 38. c4 Rxd4 39. Qxf3 Bxc4+ 40.
Kg1 Bxh2+ 41. Kxh2 Qb8+ 42. Kh3 Rh4+ 43. Kxh4 Qh2+ 44. Bh3 1-0

[Event " NK Senioren en Veteranen 2023"]
[Site "Dieren, Netherlands"]
[Date "2023.07.19"]
[Round "5"]
[White "Ellenbroek, Ton"]
[Black "Jonkman, Fokke"]
[Result "1-0"]
[WhiteElo "1965"]
[BlackElo "2005"]
[PlyCount "79"]
[EventDate "2023.??.??"]

1. d4 c5 2. e3 g6 3. dxc5 Bg7 4. c4 Nf6 5. Nc3 Na6 6. g3 Nxc5 7. Bg2 O-O 8.
Nge2 d6 9. O-O Bf5 10. b4 Nce4 11. Qb3 Nxc3 12. Nxc3 Ne4 13. Bxe4 Bxe4 14. Bb2
Bf3 15. Nb1 Bxb2 16. Qxb2 Qc8 17. Nd2 Be2 18. Rfe1 Bxc4 19. Rac1 b5 20. Nxc4
bxc4 21. Qd4 Qa6 22. Qxc4 Qxc4 23. Rxc4 Rfb8 24. Rb1 Rb7 25. a4 Rab8 26. b5 Kf8
27. Rbc1 Ke8 28. Rc6 Kd7 29. Kf1 Kd8 30. Ke2 Rb6 31. Kd3 Rxc6 32. Rxc6 Rc8 33.
Rxc8+ Kxc8 34. a5 Kc7 35. Kd4 e6 36. g4 h6 37. h4 f6 38. f4 Kd7 39. e4 Kc7 40.
f5 1-0

[Event " NK Senioren en Veteranen 2023"]
[Site "Dieren, Netherlands"]
[Date "2023.07.19"]
[Round "5"]
[White "Etmans, Maarten"]
[Black "Van Dijk, Bram"]
[Result "1/2-1/2"]
[WhiteElo "1946"]
[BlackElo "1914"]
[PlyCount "55"]
[EventDate "2023.??.??"]

1. b3 e5 2. Bb2 Nc6 3. e3 d5 4. Bb5 f6 5. d4 e4 6. c4 Be6 7. Ne2 a6 8. Bxc6+
bxc6 9. Qc2 Bb4+ 10. Bc3 Bd6 11. c5 Be7 12. Nd2 Nh6 13. Nf4 Qd7 14. Nxe6 Qxe6
15. Ba5 Qd7 16. h3 f5 17. O-O-O O-O 18. g3 g5 19. Rdg1 Kh8 20. Qd1 Rg8 21. f4
Rg6 22. Qe2 Nf7 23. h4 g4 24. Kd1 Rgg8 25. Ke1 Rgb8 26. a4 Nd8 27. Kf2 Bf6 28.
Rc1 1/2-1/2

[Event " NK Senioren en Veteranen 2023"]
[Site "Dieren, Netherlands"]
[Date "2023.07.20"]
[Round "6"]
[White "Wijnhoven, Theo"]
[Black "Wilgenhof, Otto"]
[WhiteElo "2046"]
[BlackElo "2080"]
[PlyCount "61"]
[Result "1-0"]

1. e4 e6 2. d4 d5 3. exd5 exd5 4. Nf3 Bd6 5. c4 Qe7+ 6. Be2 Bb4+ 7. Bd2 Nf6 8.
O-O O-O 9. a3 Bxd2 10. Nbxd2 b6 11. Re1 Bb7 12. Qb3 dxc4 13. Bxc4 Qd6 14. Rad1
Nc6 15. Ne5 Nxd4 16. Bxf7+ Kh8 17. Qh3 Qxe5 18. Rxe5 Rxf7 19. Nb3 Nc6 20. Ree1
Raf8 21. Nd4 Bc8 22. Qc3 Ne7 23. Ne6 Bxe6 24. Rxe6 Nfd5 25. Qe5 Rf5 26. Qg3 Ng6
27. Rde1 Rxf2 28. Qxf2 Rxf2 29. Kxf2 Kg8 30. Rd1 Nf6 31. Rxf6 gxf6 32. Rd7 1-0

[Event " NK Senioren en Veteranen 2023"]
[Site "Dieren, Netherlands"]
[Date "2023.07.20"]
[Round "6"]
[White "Van den Dikkenberg, Erik"]
[Black "Van Dorp, Folke"]
[Result "1/2-1/2"]
[WhiteElo "2070"]
[BlackElo "2142"]
[PlyCount "61"]
[EventDate "2023.??.??"]

1. e4 e5 2. Nf3 Nc6 3. Nc3 Nf6 4. d4 exd4 5. Nxd4 Bb4 6. Nxc6 bxc6 7. Bd3 d5 8.
exd5 cxd5 9. O-O O-O 10. h3 c6 11. Qf3 Rb8 12. Bg5 Bd6 13. Rab1 Re8 14. Ne2 Be5
15. c3 h6 16. Bf4 Qd6 17. Bxe5 Rxe5 18. Nd4 c5 19. Nf5 Bxf5 20. Bxf5 Rbe8 21.
Rfd1 Qa6 22. a3 c4 23. Kf1 Qb6 24. Bc2 Qd6 25. Re1 g6 26. Rxe5 Qxe5 27. g3 Kg7
28. Kg2 Rd8 29. Qe3 Qxe3 30. fxe3 Rb8 31. Kf3 1/2-1/2

[Event " NK Senioren en Veteranen 2023"]
[Site "Dieren, Netherlands"]
[Date "2023.07.20"]
[Round "6"]
[White "Vogel, Jaap"]
[Black "Boersma, Jan"]
[Result "1/2-1/2"]
[WhiteElo "2080"]
[BlackElo "2055"]
[PlyCount "23"]
[EventDate "2023.??.??"]

1. d4 Nf6 2. Nf3 g6 3. g3 Bg7 4. Bg2 O-O 5. O-O d6 6. c4 c5 7. Nc3 Nc6 8. dxc5
dxc5 9. Bf4 Be6 10. Ne5 Nxe5 11. Bxe5 Nh5 12. Bxg7 1/2-1/2

[Event " NK Senioren en Veteranen 2023"]
[Site "Dieren, Netherlands"]
[Date "2023.07.20"]
[Round "6"]
[White "Ochtman, Henk"]
[Black "Bottema, Tom"]
[Result "1-0"]
[WhiteElo "1976"]
[BlackElo "2197"]
[PlyCount "75"]
[EventDate "2023.??.??"]

1. f4 e5 2. e4 exf4 3. Nf3 d6 4. Bc4 h6 5. d4 g5 6. Nc3 Bg7 7. g3 Nc6 8. O-O
Bg4 9. Ne2 Qd7 10. gxf4 Bh3 11. Rf2 Nf6 12. Ng3 O-O-O 13. d5 gxf4 14. dxc6 Qxc6
15. Bf1 fxg3 16. Bxh3+ Kb8 17. hxg3 Nxe4 18. Re2 Nxg3 19. Rg2 Nh5 20. Nd4 Qc5
21. c3 Be5 22. Be3 Nf4 23. Bxf4 Bxf4 24. Qf3 Be5 25. Rd1 f6 26. Kh1 Rdg8 27. b4
Qb6 28. a4 Rg5 29. Ne6 Rxg2 30. Bxg2 c6 31. a5 Qb5 32. Bf1 Qa4 33. a6 Rg8 34.
Bc4 Qc2 35. Be2 Rg3 36. Rg1 Qxe2 37. Qxe2 Rh3+ 38. Kg2 1-0

[Event " NK Senioren en Veteranen 2023"]
[Site "Dieren, Netherlands"]
[Date "2023.07.20"]
[Round "6"]
[White "Hoogland, Dirk"]
[Black "Ellenbroek, Ton"]
[Result "1-0"]
[WhiteElo "2152"]
[BlackElo "1965"]
[PlyCount "75"]
[EventDate "2023.??.??"]

1. c4 d6 2. g3 g6 3. Bg2 Bg7 4. Nf3 e5 5. Nc3 Ne7 6. d3 O-O 7. O-O c6 8. Bd2 d5
9. cxd5 Nxd5 10. Rc1 Nxc3 11. Bxc3 Re8 12. h4 Na6 13. Qb3 Qb6 14. Qa3 Bf8 15.
Qa4 f6 16. b4 Nc7 17. Nd2 Nb5 18. a3 Nxc3 19. Rxc3 Be6 20. Ne4 Kg7 21. Nc5 Bxc5
22. Rxc5 Rad8 23. Rfc1 Rd4 24. Qc2 Red8 25. Bxc6 Kh8 26. Bg2 Bf5 27. Qb3 Be6
28. Qc3 R4d7 29. a4 Bg4 30. Rc2 Rd4 31. Rb5 Qd6 32. Rxb7 e4 33. Bxe4 a5 34.
bxa5 Rxa4 35. Rb6 Qe5 36. Rxf6 Rxe4 37. dxe4 Rd4 38. Rf4 1-0